Innovation - a factor of business competitiveness
Inovácie ako kľúčový prvok kooperatívnej stratégie pre podporu hospodárskeho rastu a vytvárania nových pracovných príležitostí. Európsky plán pre hospodársku obnovu a inovácie. Rozdelenie európskych krajín podľa inovačnej aktivity a inovácie v SR.
Guardado en:
| Autor principal: | |
|---|---|
| Otros Autores: | |
| Formato: | Capítulo de libro |
| Lenguaje: | eslovaco |
| Materias: | |
| Etiquetas: |
Sin Etiquetas, Sea el primero en etiquetar este registro!
|
MARC
| LEADER | 00000nla$a2200000$$$4500 | ||
|---|---|---|---|
| 001 | 0142135 | ||
| 005 | 20240502072539.8 | ||
| 041 | 0 | |a slo | |
| 044 | |a SK | ||
| 245 | 1 | 0 | |a Innovation - a factor of business competitiveness |c Alžbeta Foltínová, Andrea Zajacová |
| 520 | |a Inovácie ako kľúčový prvok kooperatívnej stratégie pre podporu hospodárskeho rastu a vytvárania nových pracovných príležitostí. Európsky plán pre hospodársku obnovu a inovácie. Rozdelenie európskych krajín podľa inovačnej aktivity a inovácie v SR. | ||
| 610 | 2 | 0 | |a podnik |
| 610 | 2 | 0 | |a stratégia inovačná |
| 610 | 2 | 0 | |a inovácia |
| 610 | 2 | 0 | |a vývoj výrobku |
| 610 | 2 | 0 | |a transfer inovácií |
| 610 | 2 | 0 | |a efektívnosť inovácií |
| 610 | 2 | 0 | |a technológie nové |
| 610 | 2 | 0 | |a ekonomika znalostná |
| 610 | 2 | 0 | |a rast hospodársky |
| 610 | 2 | 0 | |a konkurencieschopnosť |
| 100 | 1 | |a Foltínová, Alžbeta | |
| 700 | 1 | |a Zajacová, Andrea, 1985- | |